00992nab a22002297a 4500999001500000003000400015005001700019008004100036040000700077100003400084245013800118300001500256505014500271505007200416650002800488650003500516650001800551650003200569650004400601773010400645942001300749 c5787d5787OSt20260106181557.0190514b xxu||||| |||| 00| 0 spa d cPJ 96694aRoldan, Cinthia Vanesa 10aAcuerdos patrimoniales en el marco de un divorcio : bel sometimiento económico como vicio de la voluntad /cCinthia Vanesa Roldan. ap. 147-156 aSumario: I. Introducción.— II. Crónica de un divorcio cis.— III. La ardua tarea de desandar lo suscripto.— IV. Palabras de cierre. tSi te interesa el texto, comunicate a koha@justierradelfuego.gov.ar 09967aDERECHO DE FAMILIA 0aCODIGO CIVIL Y COMERCIAL91497 0aDIVORCIO9977 0aVIOLENCIA ECONÓMICA95360 0aREGIMEN PATRIMONIAL DEL MATRIMONIO97230 0284493222dBuenos Aires : AbeledoPerrot, 1989-tDerecho de familia. N° 115 - Julio 2024z18511201 2udccANA